[Event "Winnipeg op"]
[Site "Winnipeg CAN"]
[Date "2025.01.05"]
[Round "4.7"]
[White "Bonness, Will"]
[Black "Lake, Pablo"]
[Result "1-0"]
[WhiteElo "1922"]
[BlackElo "1708"]
[WhiteFideId "-1"]
[WhiteFideId "-1"]
[PlyCount "145"]
[GameId "2142984842367240"]
[EventDate "2025.01.03"]
[EventType "swiss"]
[EventRounds "5"]
[EventCountry "CAN"]

1. e4 e5 2. Nf3 Nf6 3. Nc3 Nc6 4. d4 exd4 5. Nxd4 Bc5 6. Be3 Nxd4 7. Bxd4 Bxd4 8. Qxd4 d6 9. O-O-O Be6 10. f3 a5 11. g4 h6 12. h3 Kf8 13. f4 a4 14. e5 Ne8 15. f5 Bd7 16. Bc4 Bc6 17. Bd5 Bxd5 18. Qxd5 c6 19. Qe4 d5 20. Qf3 b5 21. e6 f6 22. Ne2 b4 23. Nf4 Nd6 24. Rhe1 Qb6 25. Nxd5 cxd5 26. Qxd5 Ke7 27. h4 b3 28. cxb3 Rhc8+ 29. Kb1 axb3 30. a3 Ra5 31. Qd3 Rac5 32. Rd2 Rc2 33. Red1 Rxd2 34. Rxd2 Rc6 35. Rd1 Qb5 36. Qxb5 Nxb5 37. Rd7+ Ke8 38. Rb7 Nd4 39. Rb8+ Ke7 40. Rb7+ Kd6 41. e7 Rc8 42. Rb4 Kd5 43. Rb7 Ke4 44. Rd7 Re8 45. Kc1 Nc6 46. Rb7 Rxe7 47. Rxb3 Kf4 48. Rc3 Ne5 49. b4 Kxg4 50. b5 Kxf5 51. a4 g5 52. hxg5 fxg5 53. a5 Rb7 54. Rb3 g4 55. b6 Nc4 56. Rb5+ Ke4 57. Rh5 g3 58. Rxh6 g2 59. Rg6 Kf3 60. Rf6+ Ke2 61. Rg6 Kf1 62. Rf6+ Kg1 63. Rf5 Nxa5 64. Rxa5 Rxb6 65. Kd2 Rf6 66. Ke2 Re6+ 67. Kf3 Rf6+ 68. Ke2 Rf4 69. Ke3 Rf8 70. Ke2 Kh2 71. Rh5+ Kg3 72. Rg5+ Kh3 73. Rg7 1-0

[Event "Winnipeg op"]
[Site "Winnipeg CAN"]
[Date "2025.01.05"]
[Round "5.1"]
[White "Wiebe, Isaac"]
[Black "Anderson, Colin"]
[Result "0-1"]
[WhiteElo "2223"]
[BlackElo "2253"]
[WhiteFideId "-1"]
[WhiteFideId "-1"]
[PlyCount "70"]
[GameId "2142984842367241"]
[EventDate "2025.01.03"]
[EventType "swiss"]
[EventRounds "5"]
[EventCountry "CAN"]

1. Nf3 Nf6 2. c4 c5 3. Nc3 Nc6 4. d4 cxd4 5. Nxd4 e6 6. a3 Bc5 7. Ndb5 O-O 8. b4 Be7 9. Bf4 d5 10. cxd5 exd5 11. Nc7 d4 12. Nxa8 dxc3 13. Qxd8 Rxd8 14. e3 Bf5 15. Nc7 c2 16. Bc4 Nxb4 17. axb4 Bxb4+ 18. Ke2 Rd2+ 19. Kf3 Bg4+ 20. Kg3 Bd1 21. f3 Nh5+ 22. Kh3 Nxf4+ 23. exf4 Bc3 24. Rxa7 h6 25. Ra8+ Kh7 26. Bxf7 g5 27. f5 h5 28. Re1 Re2 29. Bb3 g4+ 30. Kh4 Bxe1+ 31. Kxh5 c1=Q 32. Bg8+ Kg7 33. Ne8+ Rxe8 34. Rxe8 Qh6+ 35. Kxg4 Qh4# 0-1

[Event "Winnipeg op"]
[Site "Winnipeg CAN"]
[Date "2025.01.05"]
[Round "5.2"]
[White "Protsyuk, Svitlana"]
[Black "Klusa, Mark"]
[Result "0-1"]
[WhiteElo "2062"]
[BlackElo "1861"]
[WhiteFideId "-1"]
[WhiteFideId "-1"]
[PlyCount "72"]
[GameId "2142984842367242"]
[EventDate "2025.01.03"]
[EventType "swiss"]
[EventRounds "5"]
[EventCountry "CAN"]

1. e4 c6 2. c4 d5 3. exd5 cxd5 4. cxd5 Nf6 5. Qa4+ Bd7 6. Qb3 Qb6 7. Bc4 Na6 8. Nc3 Nc5 9. Qxb6 axb6 10. Nf3 Nce4 11. O-O Nd6 12. Bb3 b5 13. d4 b4 14. Nd1 Bb5 15. Re1 Bc4 16. Bxc4 Nxc4 17. Ne5 Nb6 18. Bd2 Nfxd5 19. Ne3 e6 20. Nd3 Be7 21. b3 O-O 22. Nc2 Rfd8 23. Red1 Nc3 24. Bxc3 bxc3 25. Nc5 Ra7 26. a4 Nd5 27. Na3 b6 28. Nb5 Raa8 29. Nd3 Rac8 30. Ra2 Bg5 31. Rc2 Bd2 32. g3 f6 33. Na3 e5 34. dxe5 fxe5 35. Nxe5 Nb4 36. Rcxd2 Rxd2 0-1

[Event "Winnipeg op"]
[Site "Winnipeg CAN"]
[Date "2025.01.05"]
[Round "5.3"]
[White "Stordeur, Jackson"]
[Black "Hamm, Gabriel"]
[Result "0-1"]
[WhiteElo "2000"]
[BlackElo "1955"]
[WhiteFideId "-1"]
[WhiteFideId "-1"]
[PlyCount "54"]
[GameId "2142984842367243"]
[EventDate "2025.01.03"]
[EventType "swiss"]
[EventRounds "5"]
[EventCountry "CAN"]

1. e4 e5 2. Nf3 Nc6 3. Bb5 a6 4. Ba4 Nf6 5. O-O Be7 6. d3 b5 7. Bb3 d6 8. a3 Bg4 9. Re1 O-O 10. Nbd2 Nd4 11. Ba2 c5 12. h3 Nxf3+ 13. Nxf3 Bd7 14. Nh2 Qc7 15. Nf1 Rfe8 16. Ng3 Rac8 17. Nf5 Bxf5 18. exf5 d5 19. g4 c4 20. g5 Nd7 21. Qh5 g6 22. Qf3 Qd6 23. Bd2 e4 24. dxe4 dxe4 25. Rxe4 Qxd2 26. Rd1 Qxg5+ 27. Rg4 Ne5 0-1

[Event "Winnipeg op"]
[Site "Winnipeg CAN"]
[Date "2025.01.05"]
[Round "5.4"]
[White "Villamar, Eros"]
[Black "Gres, Yakiv"]
[Result "0-1"]
[WhiteElo "1732"]
[BlackElo "1918"]
[WhiteFideId "-1"]
[WhiteFideId "-1"]
[PlyCount "68"]
[GameId "2142984842367244"]
[EventDate "2025.01.03"]
[EventType "swiss"]
[EventRounds "5"]
[EventCountry "CAN"]

1. e4 e5 2. Nf3 Nc6 3. Bb5 a6 4. Ba4 Nf6 5. O-O b5 6. Bb3 Be7 7. Re1 O-O 8. c3 d5 9. exd5 Nxd5 10. Nxe5 Nxe5 11. Rxe5 c6 12. d3 Bd6 13. Re1 Qh4 14. g3 Qf6 15. Bxd5 cxd5 16. Be3 Bf5 17. d4 Qg6 18. Nd2 Bg4 19. Qb3 Qh5 20. Rac1 Rad8 21. Qc2 f5 22. f4 h6 23. Nf1 g5 24. Qd2 Rd7 25. Bf2 Bf3 26. Be3 Rg7 27. h3 Qxh3 28. Qh2 Qg4 29. Qxh6 gxf4 30. Qxd6 Qh3 31. Qe6+ Kh8 32. Re2 Qh1+ 33. Kf2 Qg2+ 34. Ke1 Qxe2# 0-1

[Event "Winnipeg op"]
[Site "Winnipeg CAN"]
[Date "2025.01.05"]
[Round "5.5"]
[White "Moeez, Abdul"]
[Black "Bonness, Will"]
[Result "1/2-1/2"]
[WhiteElo "1884"]
[BlackElo "1922"]
[WhiteFideId "-1"]
[WhiteFideId "-1"]
[PlyCount "98"]
[GameId "2142984842367245"]
[EventDate "2025.01.03"]
[EventType "swiss"]
[EventRounds "5"]
[EventCountry "CAN"]

1. e4 d5 2. exd5 Qxd5 3. Nc3 Qd8 4. Bc4 Nf6 5. d3 e6 6. Bg5 Be7 7. Nge2 a6 8. a4 O-O 9. O-O Nc6 10. Qd2 Ne5 11. Bb3 c5 12. f4 Nc6 13. Qe1 Nd5 14. Bxe7 Ndxe7 15. Ne4 b6 16. Qh4 Nf5 17. Qf2 Bb7 18. Ng5 Qd7 19. Nf3 Rad8 20. Rae1 Nfd4 21. Nexd4 Nxd4 22. Nxd4 Qxd4 23. Qxd4 Rxd4 24. f5 Bd5 25. Bxd5 exd5 26. b3 c4 27. dxc4 dxc4 28. Re2 cxb3 29. cxb3 Rb4 30. Rf3 h6 31. h3 Rc8 32. Rd3 Rf4 33. Rd6 Rb4 34. Rd7 Rf8 35. Re3 a5 36. g4 Rc8 37. Kg2 Rc2+ 38. Kg3 Rc8 39. Rb7 Rd8 40. Kf3 Rc8 41. Rd7 b5 42. axb5 Rxb5 43. Rd4 Rcb8 44. Rdd3 h5 45. Ke2 hxg4 46. hxg4 Rb4 47. Kf3 a4 48. bxa4 Rxa4 49. Re4 Rxe4 1/2-1/2

[Event "Winnipeg op"]
[Site "Winnipeg CAN"]
[Date "2025.01.05"]
[Round "5.6"]
[White "Zhou, Joe"]
[Black "Punay, Rhailey"]
[Result "1-0"]
[WhiteElo "1902"]
[BlackElo "1812"]
[WhiteFideId "-1"]
[WhiteFideId "-1"]
[PlyCount "97"]
[GameId "2142984842367246"]
[EventDate "2025.01.03"]
[EventType "swiss"]
[EventRounds "5"]
[EventCountry "CAN"]

1. Nf3 Nf6 2. c4 g6 3. d4 Bg7 4. Nc3 O-O 5. Bf4 d6 6. e3 Nc6 7. h3 Re8 8. Be2 Bf5 9. O-O e5 10. dxe5 dxe5 11. Bg5 h6 12. Bxf6 Bxf6 13. g4 Bc8 14. Ne4 Bg7 15. Qxd8 Rxd8 16. Rfd1 b6 17. Rxd8+ Nxd8 18. Rd1 Be6 19. Ng3 Nc6 20. b3 Nb4 21. Rd2 a5 22. a3 Nc6 23. Bd3 Rd8 24. Be4 Rxd2 25. Nxd2 Na7 26. a4 Nc8 27. Nb1 Nd6 28. Bd5 Bxd5 29. cxd5 e4 30. Nd2 f5 31. gxf5 gxf5 32. Nc4 Ne8 33. Nxf5 Bf8 34. Kg2 Kf7 35. f3 exf3+ 36. Kxf3 Kg6 37. Kf4 Ng7 38. Nxg7 Kxg7 39. e4 Kf6 40. e5+ Kg6 41. Ne3 Bc5 42. Nf5 Bf8 43. d6 cxd6 44. exd6 Kf7 45. Ke5 Ke8 46. Ke6 h5 47. d7+ Kd8 48. Nd4 Kc7 49. Nc6 1-0

[Event "Winnipeg op"]
[Site "Winnipeg CAN"]
[Date "2025.01.05"]
[Round "5.7"]
[White "Nagelberg, Alan"]
[Black "Pottinger, Carl"]
[Result "1-0"]
[WhiteElo "1975"]
[BlackElo "1778"]
[WhiteFideId "-1"]
[WhiteFideId "-1"]
[PlyCount "81"]
[GameId "2142984842367247"]
[EventDate "2025.01.03"]
[EventType "swiss"]
[EventRounds "5"]
[EventCountry "CAN"]

1. c4 c5 2. Nc3 g6 3. g3 Bg7 4. Bg2 Nc6 5. a3 d6 6. Rb1 a5 7. Nf3 e5 8. O-O Nge7 9. d3 O-O 10. Ne1 f5 11. Nc2 Rb8 12. b4 b6 13. Nd5 Be6 14. Bg5 axb4 15. axb4 cxb4 16. Nxe7+ Nxe7 17. Nxb4 Bf6 18. Qd2 d5 19. cxd5 Nxd5 20. Nc6 Bxg5 21. Nxd8 Bxd2 22. Nxe6 Nc3 23. Rb2 Bh6 24. Nxf8 Bxf8 25. e3 Na4 26. Rb5 Bc5 27. Ra1 Nc3 28. Rb3 f4 29. gxf4 exf4 30. d4 Ne2+ 31. Kf1 Nxd4 32. exd4 Bxd4 33. Rd1 Bc5 34. Rd7 h5 35. Rbd3 Rf8 36. Bd5+ Kh8 37. Be4 Rf6 38. Rb7 g5 39. Rdd7 f3 40. Rh7+ Kg8 41. Bd5+ 1-0

[Event "Winnipeg op"]
[Site "Winnipeg CAN"]
[Date "2025.01.05"]
[Round "5.8"]
[White "Kuryliw, Ray"]
[Black "Rutter, Blair"]
[Result "0-1"]
[WhiteElo "1905"]
[BlackElo "1898"]
[WhiteFideId "-1"]
[WhiteFideId "-1"]
[PlyCount "60"]
[GameId "2142984842367248"]
[EventDate "2025.01.03"]
[EventType "swiss"]
[EventRounds "5"]
[EventCountry "CAN"]

1. d4 Nf6 2. Nc3 d5 3. Bf4 c6 4. e3 e6 5. Nf3 Be7 6. Ne5 Nbd7 7. h3 O-O 8. Bd3 c5 9. dxc5 Nxc5 10. Ne2 Qa5+ 11. c3 Nxd3+ 12. Qxd3 Bd7 13. Nd4 a6 14. Bg5 Be8 15. Ng4 Kh8 16. Qe2 Ng8 17. Bxe7 Nxe7 18. O-O Ng6 19. f4 Bd7 20. Rf2 f6 21. f5 exf5 22. Nxf5 Qb6 23. Qd2 Be6 24. Re1 Rae8 25. Kh1 Qc7 26. Qd4 Qd7 27. Ref1 Kg8 28. Kg1 Ne5 29. Nh2 Nc6 30. Ng4 Nxd4 0-1

[Event "Winnipeg op U1800"]
[Site "Winnipeg CAN"]
[Date "2025.01.03"]
[Round "1.12"]
[White "Trueman, Francis"]
[Black "Rosenstock, Samuel"]
[Result "0-1"]
[WhiteElo "1588"]
[BlackElo "1791"]
[WhiteFideId "-1"]
[WhiteFideId "-1"]
[PlyCount "64"]
[GameId "2140241293122910"]
[EventDate "2025.01.03"]
[EventType "swiss"]
[EventRounds "5"]
[EventCountry "CAN"]

1. e4 e5 2. Nf3 Nc6 3. d3 Bc5 4. Be2 d6 5. O-O h6 6. Nbd2 Nf6 7. Re1 Be6 8. c3 g5 9. h3 Qd7 10. Nh2 O-O-O 11. a4 a5 12. Ndf1 d5 13. Be3 Bxe3 14. Nxe3 dxe4 15. dxe4 Nxe4 16. Qc2 Nc5 17. Rad1 Qe7 18. Rxd8+ Rxd8 19. Nf5 Qf6 20. g4 Bxf5 21. gxf5 Ne7 22. b4 axb4 23. cxb4 Nd7 24. Bd3 Qc6 25. Qb3 Nd5 26. Bc4 Nf4 27. Bf1 f6 28. a5 Qd5 29. Qc2 Nb8 30. Ra1 Nc6 31. a6 Nd4 32. axb7+ Kxb7 0-1

[Event "Winnipeg op U1800"]
[Site "Winnipeg CAN"]
[Date "2025.01.03"]
[Round "1.13"]
[White "Hansima, Charitha"]
[Black "Villamar, Flyn"]
[Result "1-0"]
[WhiteElo "1788"]
[BlackElo "1575"]
[WhiteFideId "-1"]
[WhiteFideId "-1"]
[PlyCount "121"]
[GameId "2140241293471071"]
[EventDate "2025.01.03"]
[EventType "swiss"]
[EventRounds "5"]
[EventCountry "CAN"]

1. c4 e5 2. g3 Nf6 3. Bg2 Bc5 4. Nf3 d6 5. O-O O-O 6. Nc3 Bf5 7. d3 Nc6 8. a3 e4 9. Nh4 Bg6 10. Nxg6 fxg6 11. Nxe4 Nxe4 12. Bxe4 Qd7 13. b4 Bd4 14. Rb1 Rab8 15. b5 Ne7 16. Bb2 Bxb2 17. Rxb2 d5 18. cxd5 Nxd5 19. Qb3 c6 20. Bg2 Kh8 21. e4 Nc7 22. a4 cxb5 23. axb5 Qd4 24. Rc1 Qb6 25. Bh3 Rbe8 26. Qc4 Re7 27. Qc5 Qf6 28. Rbc2 b6 29. Qc4 h6 30. Qc6 Qf7 31. Rf1 Qb3 32. Rfc1 Qxd3 33. Qxg6 Rf6 34. Qg4 Qxe4 35. Qxe4 Rxe4 36. Rxc7 Rb4 37. Rxa7 Rxb5 38. Rb7 Rf8 39. Rd1 Rb2 40. f4 b5 41. Be6 b4 42. Rdd7 Ra8 43. Rd1 Rf8 44. f5 Ra8 45. h4 Re2 46. Rxb4 g6 47. Rbd4 gxf5 48. Rd8+ Rxd8 49. Rxd8+ Kg7 50. Bxf5 Re3 51. Kf2 Ra3 52. h5 Kf6 53. g4 Rc3 54. Rd6+ Kg7 55. Rg6+ Kf7 56. Rxh6 Rc5 57. Kf3 Ra5 58. Kf4 Ra4+ 59. Kg5 Rd4 60. Rf6+ Kg7 61. h6+ 1-0

[Event "Winnipeg op U1800"]
[Site "Winnipeg CAN"]
[Date "2025.01.03"]
[Round "1.14"]
[White "Guzman, Sophia"]
[Black "Samson, Larry"]
[Result "1-0"]
[WhiteElo "1534"]
[BlackElo "1787"]
[WhiteFideId "-1"]
[WhiteFideId "-1"]
[PlyCount "101"]
[GameId "2140241293471072"]
[EventDate "2025.01.03"]
[EventType "swiss"]
[EventRounds "5"]
[EventCountry "CAN"]

1. e4 c5 2. c3 d6 3. d4 cxd4 4. cxd4 Nf6 5. Nc3 g6 6. Nf3 Bg7 7. Bc4 O-O 8. Bf4 a6 9. Qd2 b5 10. Bb3 Bb7 11. Qe3 e6 12. Bg5 Qa5 13. O-O Re8 14. Qf4 Nbd7 15. Qxd6 Qb6 16. Qf4 Rac8 17. Bh6 Bh8 18. Ng5 Re7 19. Rad1 Qc7 20. e5 Nh5 21. Qh4 Nf8 22. Nce4 Bxe4 23. Nxe4 Bg7 24. Rc1 Qa7 25. Rxc8 Bxh6 26. Nf6+ Kg7 27. Nxh5+ gxh5 28. Qxh5 Ng6 29. Qg4 Rc7 30. Rxc7 Qxc7 31. h4 Kh8 32. Re1 Qc6 33. Qe4 Qc7 34. h5 Nf8 35. d5 Bg7 36. dxe6 fxe6 37. Qa8 Qf7 38. Qxa6 Qxh5 39. Bxe6 Bxe5 40. Bf7 Bh2+ 41. Kf1 Qxf7 42. Qxb5 Ng6 43. Qe8+ Kg7 44. Qxf7+ Kxf7 45. g3 Kf6 46. Kg2 Ne5 47. Rxe5 Kxe5 48. Kxh2 Ke4 49. a4 Kd4 50. a5 Kc5 51. b4+ 1-0

[Event "Winnipeg op U1800"]
[Site "Winnipeg CAN"]
[Date "2025.01.03"]
[Round "1.15"]
[White "Evans, Jason"]
[Black "Chan, John"]
[Result "1-0"]
[WhiteElo "1731"]
[BlackElo "1517"]
[WhiteFideId "-1"]
[WhiteFideId "-1"]
[PlyCount "71"]
[GameId "2140241293471073"]
[EventDate "2025.01.03"]
[EventType "swiss"]
[EventRounds "5"]
[EventCountry "CAN"]

1. e4 c5 2. Nc3 e6 3. d4 d5 4. Nf3 Nc6 5. Bb5 a6 6. Bxc6+ bxc6 7. Be3 c4 8. O-O Bb4 9. e5 f6 10. a3 Bxc3 11. bxc3 Rb8 12. Rb1 Bd7 13. Re1 f5 14. Bg5 Ne7 15. Bxe7 Kxe7 16. Qd2 h6 17. Nh4 Kf7 18. Nf3 g5 19. Kh1 Rxb1 20. Rxb1 g4 21. Ng1 Kg7 22. Ne2 Bc8 23. g3 h5 24. Qc1 h4 25. Rb8 h3 26. Qb2 Qe7 27. Nf4 c5 28. Kg1 a5 29. Qb6 cxd4 30. cxd4 a4 31. Ra8 Qxa3 32. Nxe6+ Bxe6 33. Ra7+ Bf7 34. Qf6+ Kh7 35. Rxf7+ Kg8 36. Qg7# 1-0

[Event "Winnipeg op U1800"]
[Site "Winnipeg CAN"]
[Date "2025.01.03"]
[Round "1.16"]
[White "Odeyemi, Emmanuel"]
[Black "Li, Yuchen"]
[Result "0-1"]
[WhiteElo "1516"]
[BlackElo "1729"]
[WhiteFideId "-1"]
[WhiteFideId "-1"]
[PlyCount "138"]
[GameId "2140241293471074"]
[EventDate "2025.01.03"]
[EventType "swiss"]
[EventRounds "5"]
[EventCountry "CAN"]

1. d4 e6 2. c4 f5 3. Nf3 Nf6 4. Nc3 Bb4 5. e3 d6 6. Be2 Nbd7 7. O-O Bxc3 8. bxc3 O-O 9. Ng5 Qe7 10. Re1 h6 11. Nf3 b6 12. a4 Bb7 13. Ba3 Ne4 14. Qc2 e5 15. d5 Ndc5 16. Red1 Qd7 17. Bxc5 Nxc5 18. a5 Kh8 19. Nh4 Qf7 20. g3 g5 21. Nf3 e4 22. Nd4 f4 23. exf4 gxf4 24. Bg4 Qg6 25. Bh3 Qh5 26. Bg2 f3 27. Bf1 Bc8 28. Ne6 Nxe6 29. dxe6 Bxe6 30. Qxe4 Rae8 31. Rd4 Bxc4 32. Qh4 Qxh4 33. Rxh4 Bxf1 34. Kxf1 Kg7 35. axb6 axb6 36. Rc4 Re7 37. Rc6 Rfe8 38. h3 Kg6 39. Rc4 h5 40. Rf4 Rf7 41. Raa4 Ref8 42. Rxf7 Rxf7 43. Ke1 Re7+ 44. Kf1 Re5 45. Ra2 Rc5 46. Rc2 b5 47. Ke1 Rd5 48. c4 Rc5 49. Rc3 b4 50. Rxf3 Rxc4 51. Rb3 d5 52. Ke2 Kf5 53. Kd3 c5 54. f3 Rc1 55. Ke2 Rh1 56. h4 Rc1 57. Kd2 Rg1 58. Rd3 Rg2+ 59. Ke1 d4 60. Kf1 Rxg3 61. Kf2 Rg8 62. Rd1 b3 63. Ke2 Rb8 64. Kd2 b2 65. Rb1 c4 66. Kc2 Rb3 67. Rxb2 Rxb2+ 68. Kxb2 Kf4 69. Kc2 Kxf3 0-1

[Event "Winnipeg op U1800"]
[Site "Winnipeg CAN"]
[Date "2025.01.03"]
[Round "1.17"]
[White "Zhang, Nicole"]
[Black "Stewart, Michael"]
[Result "1-0"]
[WhiteElo "1704"]
[BlackElo "1480"]
[WhiteFideId "-1"]
[WhiteFideId "-1"]
[PlyCount "91"]
[GameId "2140241293471075"]
[EventDate "2025.01.03"]
[EventType "swiss"]
[EventRounds "5"]
[EventCountry "CAN"]

1. e4 c5 2. Nf3 Nc6 3. d4 cxd4 4. Nxd4 e6 5. Nc3 Nf6 6. Bg5 Be7 7. Be2 O-O 8. O-O d5 9. exd5 Nxd5 10. Bxe7 Ndxe7 11. Nxc6 Nxc6 12. Re1 Qe7 13. Bd3 g6 14. Qf3 Nd4 15. Qf4 Rd8 16. Re3 Qb4 17. Rb1 Nxc2 18. Qf6 Nxe3 19. Qxd8+ Qf8 20. Qxf8+ Kxf8 21. fxe3 Bd7 22. Ne4 Ke7 23. Rf1 f5 24. Nc5 Bc6 25. Bc4 e5 26. b4 Rd8 27. b5 Bd5 28. Rc1 e4 29. Bxd5 Rxd5 30. Nxb7 Rd7 31. Nc5 Rc7 32. Nb3 Rxc1+ 33. Nxc1 Kd7 34. Nb3 Kc7 35. Nd4 Kb6 36. Kf2 a6 37. bxa6 Kxa6 38. Ne6 Ka5 39. Nf8 Ka4 40. Nxh7 Ka3 41. Nf8 g5 42. Ne6 g4 43. Nd4 Kxa2 44. Nxf5 Kb3 45. Kg3 Kc3 46. Kxg4 {Black resigns} 1-0

[Event "Winnipeg op U1800"]
[Site "Winnipeg CAN"]
[Date "2025.01.03"]
[Round "1.18"]
[White "Pacin, Stefan"]
[Black "Kuryliw, Adrian"]
[Result "1-0"]
[WhiteElo "1434"]
[BlackElo "1669"]
[WhiteFideId "-1"]
[WhiteFideId "-1"]
[PlyCount "33"]
[GameId "2140241293471076"]
[EventDate "2025.01.03"]
[EventType "swiss"]
[EventRounds "5"]
[EventCountry "CAN"]

1. d4 Nf6 2. Bf4 g6 3. Nf3 Bg7 4. Nc3 a6 5. e3 d6 6. Bd3 O-O 7. Qe2 Nc6 8. O-O-O Bg4 9. h3 Bxf3 10. Qxf3 Qe8 11. g4 e5 12. Bg5 Qe6 13. d5 Nxd5 14. Nxd5 e4 15. Bxe4 Rae8 16. Bd3 Qe5 17. Bf6 1-0

[Event "Winnipeg op U1800"]
[Site "Winnipeg CAN"]
[Date "2025.01.03"]
[Round "1.19"]
[White "Hui, Zelus"]
[Black "Pacin, Aleksander"]
[Result "1-0"]
[WhiteElo "1662"]
[BlackElo "1342"]
[WhiteFideId "-1"]
[WhiteFideId "-1"]
[PlyCount "45"]
[GameId "2140241293471077"]
[EventDate "2025.01.03"]
[EventType "swiss"]
[EventRounds "5"]
[EventCountry "CAN"]

1. c4 e5 2. g3 g6 3. Bg2 Bg7 4. Nc3 Nf6 5. e3 c5 6. Nge2 Nc6 7. O-O d6 8. d4 O-O 9. b3 Bg4 10. dxc5 dxc5 11. Qxd8 Rfxd8 12. h3 Be6 13. Ba3 b6 14. Bxc6 Bxh3 15. Bxa8 Bxf1 16. Rxf1 Rxa8 17. Rd1 Bf8 18. Bb2 Ng4 19. Nd5 Rd8 20. Nf6+ Nxf6 21. Rxd8 a5 22. Bxe5 Ng4 23. Bd6 1-0

[Event "Winnipeg op U1800"]
[Site "Winnipeg CAN"]
[Date "2025.01.03"]
[Round "1.20"]
[White "Singh, Arshveer"]
[Black "Towns, Barry"]
[Result "1-0"]
[WhiteElo "1277"]
[BlackElo "1654"]
[WhiteFideId "-1"]
[WhiteFideId "-1"]
[PlyCount "73"]
[GameId "2140241293471078"]
[EventDate "2025.01.03"]
[EventType "swiss"]
[EventRounds "5"]
[EventCountry "CAN"]

1. e4 e5 2. Nc3 Nf6 3. f4 Bc5 4. fxe5 Nxe4 5. Nxe4 Qh4+ 6. Ng3 Bxg1 7. Rxg1 Qxh2 8. Ne2 d5 9. d3 Qxe5 10. Qd2 O-O 11. Qf4 Qh5 12. Bd2 Bg4 13. Qg5 Bxe2 14. Bxe2 Qxg5 15. Bxg5 Re8 16. Rf1 Nc6 17. c3 d4 18. Rf2 Re5 19. Bf4 Rb5 20. O-O-O dxc3 21. bxc3 Re8 22. Bf3 Rc5 23. Kc2 Rd8 24. Be3 Ra5 25. Kc1 Ne5 26. Rfd2 c6 27. Bd4 Nxf3 28. gxf3 Rdd5 29. f4 Rf5 30. Re2 h5 31. Re5 Rfxe5 32. fxe5 Rxa2 33. Re1 Ra1+ 34. Kd2 Rxe1 35. Kxe1 b6 36. Kf2 c5 37. Be3 1-0

[Event "Winnipeg op U1800"]
[Site "Winnipeg CAN"]
[Date "2025.01.03"]
[Round "1.21"]
[White "Kumbharathi, Harsha"]
[Black "Iyer, Pia"]
[Result "1-0"]
[WhiteElo "1654"]
[BlackElo "1270"]
[WhiteFideId "-1"]
[WhiteFideId "-1"]
[PlyCount "61"]
[GameId "2140241293495655"]
[EventDate "2025.01.03"]
[EventType "swiss"]
[EventRounds "5"]
[EventCountry "CAN"]

1. e4 c6 2. d4 d5 3. exd5 cxd5 4. Nf3 Bg4 5. c3 Nc6 6. Bf4 e6 7. Nbd2 Nge7 8. h3 Nf5 9. hxg4 Nd6 10. Bxd6 Bxd6 11. Bb5 Qb6 12. Bxc6+ Qxc6 13. Qb3 O-O 14. Qc2 Rfe8 15. Nb3 b5 16. Qxh7+ Kf8 17. Qh8+ Ke7 18. Qxg7 Qd7 19. Rh6 Rf8 20. Qf6+ Ke8 21. O-O-O a5 22. Rh8 Rxh8 23. Qxh8+ Ke7 24. Qxa8 a4 25. Nbd2 Bf4 26. Ne5 Bxe5 27. dxe5 Qc7 28. f4 Qc5 29. Rh1 Qf2 30. Qb7+ Kd8 31. Rh8# 1-0

[Event "Winnipeg op U1800"]
[Site "Winnipeg CAN"]
[Date "2025.01.03"]
[Round "1.22"]
[White "Pacin, Ondrej"]
[Black "Balamanage, Dineth"]
[Result "0-1"]
[WhiteElo "1230"]
[BlackElo "1651"]
[WhiteFideId "-1"]
[WhiteFideId "-1"]
[PlyCount "90"]
[GameId "2140241293495656"]
[EventDate "2025.01.03"]
[EventType "swiss"]
[EventRounds "5"]
[EventCountry "CAN"]

1. e4 c5 2. Nf3 Nc6 3. c3 d5 4. exd5 Qxd5 5. h3 g6 6. Be2 Bg7 7. d3 Nf6 8. Be3 b6 9. Nbd2 O-O 10. O-O Rd8 11. Re1 Bb7 12. Qb3 Ne5 13. Qxd5 Nxd5 14. Nxe5 Bxe5 15. Nf3 Bg7 16. Rad1 Nxe3 17. fxe3 Rd6 18. Bf1 Rad8 19. d4 e5 20. Be2 cxd4 21. exd4 exd4 22. cxd4 Bxd4+ 23. Nxd4 Rxd4 24. Rxd4 Rxd4 25. Rd1 Rd5 26. a3 Rxd1+ 27. Bxd1 Kg7 28. Kf2 Kf6 29. Bb3 Bc8 30. g4 Be6 31. Bc2 h5 32. gxh5 Bxh3 33. h6 Bf5 34. Bxf5 gxf5 35. h7 Kg7 36. h8=Q+ Kxh8 37. Kf3 Kg7 38. Kf4 Kf6 39. Kg3 Kg5 40. Kf3 f4 41. Kg2 Kg4 42. Kf2 f3 43. Kg1 Kg3 44. Kf1 f2 45. b4 b5 0-1

[Event "Winnipeg op U1800"]
[Site "Winnipeg CAN"]
[Date "2025.01.03"]
[Round "1.23"]
[White "Gannon, Keith"]
[Black "Holoborodko, Ihor"]
[Result "1/2-1/2"]
[WhiteElo "1633"]
[BlackElo "1208"]
[WhiteFideId "-1"]
[WhiteFideId "-1"]
[PlyCount "130"]
[GameId "2140241293495657"]
[EventDate "2025.01.03"]
[EventType "swiss"]
[EventRounds "5"]
[EventCountry "CAN"]

1. e4 g6 2. d4 Bg7 3. Nf3 c5 4. c3 cxd4 5. cxd4 d6 6. Bb5+ Bd7 7. Bxd7+ Nxd7 8. O-O Qb6 9. Nc3 e6 10. Re1 Ne7 11. a3 O-O 12. Na4 Qd8 13. Be3 b6 14. Rc1 Rc8 15. Rxc8 Qxc8 16. Qc1 Qa6 17. Nc3 Rc8 18. Qd2 h5 19. h4 Qa5 20. Bg5 Bf6 21. Bxf6 Nxf6 22. g3 Kg7 23. Kg2 Nd7 24. Qe3 b5 25. e5 d5 26. Ng5 Nb6 27. Qf3 Nf5 28. Qd3 Nc4 29. Rb1 Nxa3 30. bxa3 Rxc3 31. Qxb5 Qxb5 32. Rxb5 Rxa3 33. Rb7 Nxd4 34. Rxf7+ Kg8 35. Rf6 a5 36. Rxg6+ Kf8 37. Nxe6+ Nxe6 38. Rxe6 a4 39. Rd6 Rd3 40. e6 Ke7 41. Ra6 a3 42. Kf1 d4 43. Ke2 Rb3 44. Kd2 Rb2+ 45. Kc1 Rxf2 46. Rxa3 Kxe6 47. Ra5 Rf5 48. Ra6+ Ke5 49. Kd2 Ke4 50. Rg6 d3 51. Re6+ Kd5 52. Re3 Kc4 53. Re4+ Kd5 54. Kxd3 Rf3+ 55. Re3 Rf5 56. Ke2 Kd4 57. Re8 Rc5 58. Rg8 Ke4 59. g4 Rc2+ 60. Ke1 Rh2 61. gxh5 Rxh4 62. Rh8 Kf5 63. h6 Kg6 64. h7 Rxh7 65. Rxh7 Kxh7 1/2-1/2

[Event "Winnipeg op U1800"]
[Site "Winnipeg CAN"]
[Date "2025.01.03"]
[Round "1.24"]
[White "Hui, Zelus"]
[Black "Minano, John"]
[Result "0-1"]
[WhiteElo "1190"]
[BlackElo "1633"]
[WhiteFideId "-1"]
[WhiteFideId "-1"]
[PlyCount "136"]
[GameId "2140241293495658"]
[EventDate "2025.01.03"]
[EventType "swiss"]
[EventRounds "5"]
[EventCountry "CAN"]

1. c4 f5 2. g3 e6 3. Nc3 Nf6 4. Bg2 Bb4 5. e3 O-O 6. Nge2 a5 7. O-O Na6 8. d4 Qe8 9. Nf4 g5 10. Nd3 Bxc3 11. bxc3 d6 12. Ba3 Ne4 13. Rc1 Rf6 14. Nb2 Rh6 15. g4 Nf6 16. gxf5 exf5 17. Nd3 Rb8 18. Rb1 b6 19. Qe2 Be6 20. d5 Bd7 21. h3 f4 22. Qf3 Bf5 23. Rbd1 Be4 24. Qe2 Bxg2 25. Kxg2 Qe4+ 26. Qf3 Qxf3+ 27. Kxf3 fxe3 28. fxe3 Rf8 29. Kg2 Ne4 30. Rxf8+ Kxf8 31. Rf1+ Kg7 32. Bb2 Nd2 33. Rf5 Kg6 34. Rf8 Nxc4 35. Bc1 Nc5 36. Nxc5 dxc5 37. Rc8 Kf5 38. Rxc7 Ke5 39. Rd7 Nd6 40. Rg7 Kxd5 41. Rxg5+ Kc4 42. Bd2 Rg6 43. Rxg6 hxg6 44. Kf2 Kd3 45. Be1 Ne4+ 46. Kf3 Nxc3 47. Bxc3 Kxc3 48. e4 Kd4 49. e5 Kxe5 50. Ke3 g5 51. a3 b5 52. Ke2 Kf4 53. Kd3 Kg3 54. Ke4 Kxh3 55. Kd5 c4 56. Kc5 c3 57. Kd4 c2 58. Kc3 c1=Q+ 59. Kb3 Qc4+ 60. Kb2 a4 61. Kb1 Qb3+ 62. Ka1 Qxa3+ 63. Kb1 b4 64. Kc2 Qb3+ 65. Kc1 a3 66. Kd2 a2 67. Kc1 a1=Q+ 68. Kd2 Qad1# 0-1